Shades of Purple Quiz Stats

 Plays Quiz not verified by Sporcle

Challenge
Share
Tweet
Score 0/9 Timer 03:00
0 Plays Today
Number Shade % Correct
3Violet
68.1%
5Purple
64.5%
6Magenta
39%
1Indigo
36.2%
7Plum
35.7%
2Eggplant
26.2%
9Grape
20.9%
4Thistle
10.7%
8Turnip
8.2%

You're not logged in!

Compare scores with friends on all Sporcle quizzes.
OR
Log In

You Might Also Like...

Show Comments

Extras

Created Sep 12, 2012SourceReportNominate
Tags:Color Quiz, purple, shade

Top Quizzes Today


Score Distribution

Your Account Isn't Verified!

In order to create a playlist on Sporcle, you need to verify the email address you used during registration. Go to your Sporcle Settings to finish the process.

Report this User

Report this user for behavior that violates our Community Guidelines.

Details: